Multimedia information storage and retrieval : techniques and technologies / (Record no. 543)

000 -LEADER
fixed length control field 01560cam a2200313 a 4500
001 - CONTROL NUMBER
control field 14951570
005 - DATE AND TIME OF LATEST TRANSACTION
control field 20140116120831.0
008 - FIXED-LENGTH DATA ELEMENTS--GENERAL INFORMATION
fixed length control field 070802s2008 paua b 001 0 eng
010 ## - LIBRARY OF CONGRESS CONTROL NUMBER
LC control number 2007031978
020 ## - INTERNATIONAL STANDARD BOOK NUMBER
International Standard Book Number 9781599042251
035 ## - SYSTEM CONTROL NUMBER
System control number (OCoLC)ocn163593949
035 ## - SYSTEM CONTROL NUMBER
System control number (OCoLC)163593949
040 ## - CATALOGING SOURCE
Original cataloging agency DLC
Transcribing agency DLC
Modifying agency BAKER
-- BTCTA
-- YDXCP
-- C#P
-- DLC
042 ## - AUTHENTICATION CODE
Authentication code lcac
050 00 - LIBRARY OF CONGRESS CALL NUMBER
Classification number QA76.575.T74 2008
100 1# - MAIN ENTRY--PERSONAL NAME
Personal name Tse, Philip K. C.
245 10 - TITLE STATEMENT
Title Multimedia information storage and retrieval : techniques and technologies /
Statement of responsibility, etc Philip K. C. Tse.
260 ## - PUBLICATION, DISTRIBUTION, ETC. (IMPRINT)
Place of publication, distribution, etc Hershey :
Name of publisher, distributor, etc IGI Pub.,
Date of publication, distribution, etc 2008.
300 ## - PHYSICAL DESCRIPTION
Extent xxiv, 393 p. :
Other physical details ill.
504 ## - BIBLIOGRAPHY, ETC. NOTE
Bibliography, etc Includes bibliographical references and index.
520 ## - SUMMARY, ETC.
Summary, etc "This book offers solutions to the challenges of storage and manipulation of a variety of media types providing data placement techniques, scheduling methods, caching techniques and emerging characteristics of multimedia information. Academicians, students, professionals and practitioners in the multimedia industry will benefit from this ground-breaking publication"--Provided by publisher.
650 #0 - SUBJECT ADDED ENTRY--TOPICAL TERM
Topical term or geographic name as entry element Multimedia systems.
650 #0 - SUBJECT ADDED ENTRY--TOPICAL TERM
Topical term or geographic name as entry element Information storage and retrieval systems.
650 #0 - SUBJECT ADDED ENTRY--TOPICAL TERM
Topical term or geographic name as entry element Information resources management.
856 41 - ELECTRONIC LOCATION AND ACCESS
Materials specified Table of contents only
Uniform Resource Identifier <a href="http://www.loc.gov/catdir/toc/ecip0724/2007031978.html">http://www.loc.gov/catdir/toc/ecip0724/2007031978.html</a>
906 ## - LOCAL DATA ELEMENT F, LDF (RLIN)
a 7
b cbc
c orignew
d 1
e ecip
f 20
g y-gencatlg
942 ## - ADDED ENTRY ELEMENTS (KOHA)
Source of classification or shelving scheme
Item type Book
Holdings
Withdrawn status Lost status Source of classification or shelving scheme Damaged status Not for loan Home library Current library Date acquired Source of acquisition Total Checkouts Full call number Barcode Date last seen Copy number Price effective from Koha item type
          Riara University Library Riara University Library 22/10/2011 Purchase   QA76.575.T74 2008 2428/11 22/10/2011 C.1 22/10/2011 Book
          Riara University Library Riara University Library 22/10/2011 Purchase   QA76.575.T74 2008 2429/11 22/10/2011 C.2 22/10/2011 Book

Riara University Library,
P.O. Box 49940-00100,
Nairobi, Kenya.